[Event "Snorlax # 3"]
[Site "SchemingMind.com"]
[Date "2008.08.14"]
[Round "-"]
[White "AaronB"]
[Black "Joe Daudish"]
[Result "0-1"]
[WhiteCountry "USA"]
[BlackCountry "USA"]
[WhiteElo "1676"]
[WhiteRD "63"]
[BlackElo "1779"]
[BlackRD "46"]
[GameID "167202"]

1. e4 e6 2. d4 d5 3. Nd2 Ne7 4. Ngf3 Ng6 5. Be2 Be7 6. O-O c5 7. c3 Nc6 8. Qa4 Bd7 9. Bb5 a6 10. Bxc6 Bxc6
11. Qc2 O-O 12. a4 dxe4 13. Nxe4 cxd4 14. cxd4 Bd5 15. Be3 Qb6 16. Nfd2 Rfc8 17. Qb1 Rc6 18. Rc1 Rac8 19. Rxc6 Qxc6 20. f3 Bb4
21. Qd1 Qc2 22. Qxc2 Rxc2 23. b3 Nh4 24. Kf2 Nf5 25. Rb1 Bxe4 26. fxe4 Nxe3 27. Kxe3 Rxd2 28. Rc1 g6 29. Rc8+ Kg7 30. Rb8 Rxg2
31. Rxb7 a5 32. Kd3 Rxh2 33. Kc4 Rc2+ 34. Kd3 Rc3+ 35. Ke2 Rxb3 36. Rc7 Ra3
0-1

[Event "Snorlax # 3"]
[Site "SchemingMind.com"]
[Date "2008.08.14"]
[Round "-"]
[White "Joe Daudish"]
[Black "AaronB"]
[Result "1/2-1/2"]
[WhiteCountry "USA"]
[BlackCountry "USA"]
[WhiteElo "1729"]
[WhiteRD "43"]
[BlackElo "1654"]
[BlackRD "68"]
[GameID "167203"]

1. d4 Nf6 2. Nf3 e6 3. Bf4 d5 4. h3 c5 5. e3 Nc6 6. c3 Be7 7. Be2 O-O 8. O-O c4 9. Nbd2 b5 10. Qc2 a5
11. a3 Bb7 12. Ne5 Nxe5 13. Bxe5 Nd7 14. Bg3 f6 15. Bf3 e5 16. dxe5 fxe5 17. e4 d4 18. cxd4 exd4 19. Nxc4 bxc4 20. Qxc4+ Kh8
21. Qxd4 Nc5 22. Qxd8 Raxd8 23. b4 Nxe4 24. Bxe4 Bxe4 25. bxa5 Bf6 26. Rad1 Rd5 27. Rxd5 Bxd5 28. Bd6 Ra8 29. Bb4 Bd8 30. Rd1 Bg8
31. Rd3 Bxa5 32. Bxa5 Rxa5 33. Rc3 Re5 34. f3 g6 35. Kf2 Kg7 36. Rc6 Kf7 37. Ra6 Ke7 38. Ra7+ Kd6 39. Ra8 Bc4 40. a4 Re2+
41. Kg3 Kc5 42. Ra7 h5 43. h4 Ra2 44. Rg7 Bd3 45. Ra7 Kb4 46. Kh3 Rxa4 47. Rxa4+ Kxa4 48. Kg3 Kb5 49. Kf4 Kc6 50. g4 hxg4
51. fxg4 Kd6=
1/2-1/2

[Event "Snorlax # 3"]
[Site "SchemingMind.com"]
[Date "2008.08.15"]
[Round "-"]
[White "keen"]
[Black "AaronB"]
[Result "1-0"]
[WhiteCountry "SCO"]
[BlackCountry "USA"]
[WhiteElo "1778"]
[WhiteRD "57"]
[BlackElo "1654"]
[BlackRD "68"]
[GameID "167413"]

1. d4 Nf6 2. e3 d5 3. Bd3 c5 4. c3 Nc6 5. Nd2 e6 6. f4 Bd6 7. Ngf3 cxd4 8. exd4 O-O 9. Ne5 Nd7 10. O-O Ndxe5
11. fxe5 Be7 12. Bxh7+ Kxh7 13. Qh5+ Kg8 14. Rf3 Bg5 15. Rh3 Bh6 16. Nf3 f5 17. Bxh6 gxh6 18. Qg6+ Kh8 19. Rxh6#
1-0

[Event "Snorlax # 3"]
[Site "SchemingMind.com"]
[Date "2008.08.15"]
[Round "-"]
[White "keen"]
[Black "Joe Daudish"]
[Result "1-0"]
[WhiteCountry "SCO"]
[BlackCountry "USA"]
[WhiteElo "1778"]
[WhiteRD "57"]
[BlackElo "1729"]
[BlackRD "43"]
[GameID "167414"]

1. e4 e6 2. d4 d5 3. Nc3 dxe4 4. Nxe4 Be7 5. Be3 Nd7 6. Bd3 Ngf6 7. Nf3 Nxe4 8. Bxe4 c6 9. O-O Nf6 10. Bd3 b6
11. c3 Bb7 12. Qc2 h6 13. Rfe1 O-O 14. Rad1 Qc7 15. Qd2 c5 16. Bxh6 gxh6 17. Qxh6 Bxf3 18. Re5 Ne4 19. Bxe4 Bxe4 20. Rh5 f6
21. Re1 Bf5 22. Rxe6 Kf7 23. Re3 Bb1 24. Rf3 Bxa2 25. Qh7+ Ke8 26. Rh6 Rc8 27. Qe4 Qd6 28. Re3 Kd7 29. Rh7 Rf7 30. Rh5 cxd4
31. Rd3 Kc7 32. Rxd4 Qe6 33. Qf4+ Bd6 34. Qd2 Re7 35. g3 Qe1+ 36. Qxe1 Rxe1+ 37. Kg2 Rce8 38. Ra4 Bb3 39. Rxa7+ Kc6 40. Rh6
1-0

[Event "Snorlax # 3"]
[Site "SchemingMind.com"]
[Date "2008.08.15"]
[Round "-"]
[White "AaronB"]
[Black "keen"]
[Result "1/2-1/2"]
[WhiteCountry "USA"]
[BlackCountry "SCO"]
[WhiteElo "1676"]
[WhiteRD "63"]
[BlackElo "1786"]
[BlackRD "56"]
[GameID "167415"]

1. e4 c5 2. f4 e5 3. Nf3 d6 4. Bc4 Nc6 5. O-O exf4 6. d4 Nf6 7. Nc3 Bg4 8. d5 Ne7 9. Bxf4 Ng6 10. Be3 Ne5
11. Be2 Nfd7 12. Nxe5 Bxe2 13. Qxe2 Nxe5 14. Qb5+ Qd7 15. a4 f6 16. Qxd7+ Kxd7 17. b3 a6 18. Ne2 Be7 19. Nf4 Nf7 20. Ne6 Rhg8
21. Rf3 Nd8 22. Nf4 Rc8 23. c4 Nf7 24. h4 Ne5 25. Rh3 Bd8 26. Ne6 Ba5 27. Rd1 Ke7 28. Bf4 Bc3 29. Bxe5 Bxe5 30. g4 g6
31. Kf2 b5 32. axb5 axb5 33. h5 b4 34. hxg6 hxg6 35. Rh7+ Ke8 36. Rdh1 Ra8 37. Rh8 Ra2+ 38. Kf3 Rxh8 39. Rxh8+ Kf7 40. Rh7+ Ke8
41. Rh8+ Kf7=
1/2-1/2

[Event "Snorlax # 3"]
[Site "SchemingMind.com"]
[Date "2008.08.15"]
[Round "-"]
[White "Joe Daudish"]
[Black "keen"]
[Result "1/2-1/2"]
[WhiteCountry "USA"]
[BlackCountry "SCO"]
[WhiteElo "1729"]
[WhiteRD "43"]
[BlackElo "1778"]
[BlackRD "57"]
[GameID "167416"]

1. d4 b6 2. Nf3 Bb7 3. Bf4 Nf6 4. h3 d6 5. e3 Nbd7 6. Be2 g6 7. Nbd2 Bg7 8. O-O O-O 9. c3 Re8 10. Qc2 e5
11. dxe5 dxe5 12. Bh2 c5 13. Rfd1 Qe7 14. Nc4 Rad8 15. Nfxe5 Nxe5 16. Nxe5 Ne4 17. Nf3 Bh6 18. Rxd8 Rxd8 19. Rd1 Bg7 20. Rxd8+ Qxd8
21. Qd3 Qxd3=
1/2-1/2

[Event "Snorlax # 3"]
[Site "SchemingMind.com"]
[Date "2008.08.26"]
[Round "-"]
[White "Turms"]
[Black "AaronB"]
[Result "0-1"]
[WhiteCountry "INT"]
[BlackCountry "USA"]
[WhiteElo "1737"]
[WhiteRD "82"]
[BlackElo "1676"]
[BlackRD "63"]
[GameID "168473"]

1. e4 c5 2. Nf3 e6 3. d4 cxd4 4. Nxd4 Nf6 5. Nc3 d6 6. g4 h6 7. Rg1 Be7 8. h4 h5 9. g5 Nfd7 10. g6 fxg6
11. Nxe6 Qa5 12. Qd5 Qxd5 13. Nxd5 Kf7 14. Nec7 Bxh4 15. Nxa8 Re8 16. Bd3 Ne5 17. Be2 Bg4 18. Nac7 Rf8 19. Bf4 Nbc6 20. Nb5 Kg8
21. Nxd6 g5 22. Be3 b6 23. Bxg4 hxg4 24. Ke2 Rf3 25. Raf1 g3 26. fxg3 Rxg3 27. Rxg3 Bxg3 28. Nf5 Bh4 29. Nxh4 gxh4 30. Rh1 Ng6
31. a3 Nce5 32. Bf4 Nxf4+ 33. Nxf4 g5 34. Nd5 Kf7 35. Rf1+ Kg6 36. Ne7+ Kh5 37. Kf2 g4 38. Kg2 Nf3 39. Rxf3 gxf3+
0-1

[Event "Snorlax # 3"]
[Site "SchemingMind.com"]
[Date "2008.08.24"]
[Round "-"]
[White "Turms"]
[Black "keen"]
[Result "1-0"]
[WhiteCountry "INT"]
[BlackCountry "SCO"]
[WhiteElo "1737"]
[WhiteRD "82"]
[BlackElo "1786"]
[BlackRD "56"]
[GameID "168474"]

1. e4 b6 2. d4 Bb7 3. Nc3 e6 4. Be3 Nf6 5. Bd3 Bb4 6. f3 O-O 7. Ne2 Nc6 8. a3 Be7 9. e5 Ne8 10. Qd2 d6
11. f4 dxe5 12. fxe5 Bh4+ 13. g3 Nxe5 14. dxe5 Bxh1 15. O-O-O Bxg3 16. Nxg3 Bb7 17. Bxh7+ Kxh7 18. Qxd8 Rxd8 19. Rxd8
1-0

[Event "Snorlax # 3"]
[Site "SchemingMind.com"]
[Date "2008.08.24"]
[Round "-"]
[White "Turms"]
[Black "Joe Daudish"]
[Result "1-0"]
[WhiteCountry "INT"]
[BlackCountry "USA"]
[WhiteElo "1737"]
[WhiteRD "82"]
[BlackElo "1779"]
[BlackRD "46"]
[GameID "168475"]

1. e4 e6 2. d4 d5 3. Nc3 dxe4 4. Nxe4 Be7 5. Nf3 Nd7 6. Bb5 a6 7. Bd3 Ngf6 8. Nxf6+ Nxf6 9. O-O b6 10. Ne5 Bb7
11. c3 O-O 12. Qe2 c5 13. Be3 Nd5 14. Bd2 cxd4 15. cxd4 Nb4 16. Bxb4 Bxb4 17. Be4 Bxe4 18. Qxe4 Qg5 19. Rac1 Rac8 20. Rxc8 Rxc8
21. Qb7 Rc1 22. Qxf7+ Kh8 23. Qe8+ Bf8 24. Qxf8#
1-0

[Event "Snorlax # 3"]
[Site "SchemingMind.com"]
[Date "2008.08.26"]
[Round "-"]
[White "AaronB"]
[Black "Turms"]
[Result "0-1"]
[WhiteCountry "USA"]
[BlackCountry "INT"]
[WhiteElo "1676"]
[WhiteRD "63"]
[BlackElo "1737"]
[BlackRD "82"]
[GameID "168476"]

1. d4 Nf6 2. c4 g6 3. Nc3 d5 4. Bf4 Bg7 5. e3 O-O 6. Nf3 c6 7. Be2 Nh5 8. Bg5 h6 9. Bh4 g5 10. Bxg5 hxg5
11. Nxg5 Nf6 12. h4 Qb6 13. b3 Bf5 14. g4 Qa5 15. Kd2 Ne4+ 16. Nxe4 Bxe4 17. Rh2 e5 18. h5 exd4 19. exd4 Bh6+ 20. Ke1 Qxc3+
21. Kf1 Bf4 22. Rh4 Na6 23. h6 Rfe8
0-1

[Event "Snorlax # 3"]
[Site "SchemingMind.com"]
[Date "2008.08.24"]
[Round "-"]
[White "keen"]
[Black "Turms"]
[Result "0-1"]
[WhiteCountry "SCO"]
[BlackCountry "INT"]
[WhiteElo "1786"]
[WhiteRD "56"]
[BlackElo "1737"]
[BlackRD "82"]
[GameID "168477"]

1. d4 Nf6 2. e3 d5 3. Bd3 e6 4. Nd2 c5 5. c3 c4 6. Bc2 Bd6 7. f4 Nc6 8. Ngf3 b5 9. O-O O-O 10. Ne5 Bb7
11. g4 Nd7 12. g5 Ncxe5 13. dxe5 Nxe5 14. Bxh7+ Kxh7 15. Qh5+ Kg8 16. fxe5 g6 17. Qh6 Bxe5 18. Rf3 Bg7 19. Qh4 f6 20. Rh3 Kf7
21. gxf6 Rh8 22. Qg4 Rxh3 23. Qxh3 Qxf6 24. Nf1 Rf8 25. Ng3 Ke7 26. Bd2 Qf2+
0-1

[Event "Snorlax # 3"]
[Site "SchemingMind.com"]
[Date "2008.08.24"]
[Round "-"]
[White "Joe Daudish"]
[Black "Turms"]
[Result "0-1"]
[WhiteCountry "USA"]
[BlackCountry "INT"]
[WhiteElo "1779"]
[WhiteRD "46"]
[BlackElo "1737"]
[BlackRD "82"]
[GameID "168478"]

1. d4 Nf6 2. Nf3 g6 3. Bf4 d6 4. h3 Nd5 5. Bg3 Bf5 6. c3 Bh6 7. e3 c6 8. Bd3 Bxd3 9. Qxd3 Qb6 10. Qc2 Nd7
11. Nbd2 O-O-O 12. O-O f5 13. a4 N7f6 14. a5 Qa6 15. b4 Rhe8 16. Rfb1 Ne4 17. c4 Nxb4 18. Rxb4 Nxg3 19. fxg3 Bxe3+ 20. Kh2 e5
21. dxe5 dxe5 22. Nf1 Bc5 23. Rb3 e4 24. Ng1 Rd4 25. Rc1 Red8 26. Ne3 Rd2 27. Qb1 Qxa5 28. Nc2 Bf2 29. Rxb7 Bxg3+ 30. Kxg3 Qe5+
31. Kh4 Qf6+ 32. Kg3 Qg5+
0-1

[Event "Snorlax # 3"]
[Site "SchemingMind.com"]
[Date "2008.08.28"]
[Round "-"]
[White "nomuffyet"]
[Black "AaronB"]
[Result "0-1"]
[WhiteCountry "SWE"]
[BlackCountry "USA"]
[WhiteElo "1330"]
[WhiteRD "88"]
[BlackElo "1676"]
[BlackRD "63"]
[GameID "168702"]

1. e4 c5 2. Nc3 Nc6 3. Nf3 d6 4. Bb5 a6 5. Bxc6+ bxc6 6. d4 cxd4 7. Qxd4 e5 8. Qc4 Ne7 9. O-O Be6 10. Qa4 h6
11. Rd1 Qc7 12. Qa3 Nc8 13. b4 Nb6 14. b5 axb5 15. Qb2 Be7 16. h3 O-O 17. Be3 Nc4 18. Qc1 Nxe3 19. Qxe3 b4 20. Ne2 Rxa2
21. Rxa2 Bxa2 22. Ra1 Bc4 23. Ra7 Qd8 24. Nc1 c5 25. Nd2 Bg5 26. Qe1 Bb5 27. Ncb3 f5 28. Qa1 c4 29. Qa5 Qxa5 30. Rxa5 cxb3
31. cxb3 Bxd2 32. Rxb5 Rf6 33. exf5 Bc3 34. Rb6 d5
0-1

[Event "Snorlax # 3"]
[Site "SchemingMind.com"]
[Date "2008.08.26"]
[Round "-"]
[White "nomuffyet"]
[Black "keen"]
[Result "0-1"]
[WhiteCountry "SWE"]
[BlackCountry "SCO"]
[WhiteElo "1330"]
[WhiteRD "88"]
[BlackElo "1786"]
[BlackRD "56"]
[GameID "168703"]

1. e4 d5 2. Bd3 Nf6 3. Nf3 dxe4 4. Bb5+ c6 5. Bc4 exf3 6. Qxf3 e5 7. O-O Be7 8. h3 O-O 9. Re1 Qc7 10. d3 Nbd7
11. d4 e4 12. Qf4 Bd6 13. Qe3 Nb6 14. b3 Nxc4 15. bxc4 Re8 16. c5 Bf8 17. Nc3 Bf5 18. Qg5 Bg6 19. Bd2 Rad8 20. Be3 h6
21. Qf4 Qxf4 22. Bxf4 Rxd4 23. Be3 Rd7 24. g4 Be7 25. Rab1 Bd8 26. g5 hxg5 27. Bxg5 e3
0-1

[Event "Snorlax # 3"]
[Site "SchemingMind.com"]
[Date "2008.08.27"]
[Round "-"]
[White "nomuffyet"]
[Black "Joe Daudish"]
[Result "0-1"]
[WhiteCountry "SWE"]
[BlackCountry "USA"]
[WhiteElo "1330"]
[WhiteRD "88"]
[BlackElo "1779"]
[BlackRD "46"]
[GameID "168704"]

1. e4 e6 2. Nc3 d5 3. Nf3 dxe4 4. Nxe4 Be7 5. Bb5+ Bd7 6. Bxd7+ Nxd7 7. d4 Ngf6 8. Nc3 O-O 9. O-O c5 10. Re1 b6
11. Ne4 Nxe4 12. Rxe4 Nf6 13. Re1 cxd4 14. Nxd4 Bc5 15. Be3 Nd5 16. Nc6 Qc7 17. Bxc5 bxc5 18. Ne5 Rfd8 19. Qf3 f6 20. Nd3 Qb6
21. c4 Nb4 22. Nxb4 cxb4 23. b3 e5 24. Red1 a5 25. Rd3 Rxd3 26. Qxd3 Rd8 27. Qc2 Qd4 28. h3 h6 29. c5 Qxa1+ 30. Kh2 Qc3
31. Qf5 Qxc5
0-1

[Event "Snorlax # 3"]
[Site "SchemingMind.com"]
[Date "2008.08.27"]
[Round "-"]
[White "nomuffyet"]
[Black "Turms"]
[Result "0-1"]
[WhiteCountry "SWE"]
[BlackCountry "INT"]
[WhiteElo "1330"]
[WhiteRD "88"]
[BlackElo "1737"]
[BlackRD "82"]
[GameID "168705"]

1. e4 c5 2. Nc3 e6 3. Bc4 a6 4. Nf3 b5 5. Be2 b4 6. Na4 Bb7 7. d3 Bc6 8. c3 Qa5 9. b3 bxc3 10. O-O Nf6
11. d4 cxd4 12. Qxd4 Bxa4 13. Qxa4 Qxa4 14. bxa4 Nxe4 15. Re1 Nf6 16. Rb1 Nc6 17. Rb6 Bc5 18. Rxa6 Rxa6 19. Bxa6 Ng4 20. Be3 Nxe3
21. fxe3 c2
0-1

[Event "Snorlax # 3"]
[Site "SchemingMind.com"]
[Date "2008.08.28"]
[Round "-"]
[White "AaronB"]
[Black "nomuffyet"]
[Result "1-0"]
[WhiteCountry "USA"]
[BlackCountry "SWE"]
[WhiteElo "1676"]
[WhiteRD "63"]
[BlackElo "1330"]
[BlackRD "88"]
[GameID "168706"]

1. e4 g6 2. d4 d6 3. Nc3 Nf6 4. f4 Bg7 5. Nf3 c6 6. Bd3 Bg4 7. h3 Bxf3 8. Qxf3 O-O 9. Bd2 e6 10. O-O-O Re8
11. e5 dxe5 12. dxe5 Nd5 13. a3 Bh6 14. g4 Nxc3 15. Bxc3 Qd5 16. Qxd5 cxd5 17. g5 Bg7 18. h4 Nd7 19. h5 Bf8 20. hxg6 hxg6
21. Rh4 b6 22. Rdh1 Bg7 23. Bb5 Red8 24. Bb4 a5 25. Bd6 a4 26. Be7 Re8 27. Bf6 Rec8 28. Bxd7
1-0

[Event "Snorlax # 3"]
[Site "SchemingMind.com"]
[Date "2008.08.26"]
[Round "-"]
[White "keen"]
[Black "nomuffyet"]
[Result "1-0"]
[WhiteCountry "SCO"]
[BlackCountry "SWE"]
[WhiteElo "1786"]
[WhiteRD "56"]
[BlackElo "1330"]
[BlackRD "88"]
[GameID "168707"]

1. d4 g6 2. b3 d5 3. Bb2 Nf6 4. Nf3 Bg7 5. Nbd2 Bg4 6. Ne5 O-O 7. Nxg4 Nxg4 8. h3 Nf6 9. e3 Qd6 10. c4 dxc4
11. Bxc4 Qb4 12. O-O Rd8 13. Qe2 c5 14. Rac1 Nd5 15. Nf3 e6 16. Rfd1 Qa5 17. a3 Nc6 18. dxc5 Qxc5 19. Bxd5 Qb6 20. Bxc6 bxc6
21. Bxg7 Kxg7 22. Qb2+ Kg8 23. Nd4 c5 24. Nf3 Rf8 25. Ne5 Rfd8 26. Ng4 h5 27. Nf6+ Kf8 28. Nd7+ Rxd7 29. Qh8+
1-0

[Event "Snorlax # 3"]
[Site "SchemingMind.com"]
[Date "2008.08.27"]
[Round "-"]
[White "Joe Daudish"]
[Black "nomuffyet"]
[Result "1-0"]
[WhiteCountry "USA"]
[BlackCountry "SWE"]
[WhiteElo "1779"]
[WhiteRD "46"]
[BlackElo "1330"]
[BlackRD "88"]
[GameID "168708"]

1. d4 g6 2. Nf3 d5 3. Bf4 Nf6 4. h3 Bg7 5. e3 O-O 6. Bd3 c6 7. Nbd2 Qa5 8. c3 Nbd7 9. O-O b6 10. Re1 c5
11. a3 c4 12. Bc2 Ba6 13. e4 dxe4 14. Nxe4 Nd5 15. Bg3 b5 16. Nc5 Rad8 17. Nxa6 Qxa6 18. Be4 N7b6 19. Qc2 f5 20. Bxd5+ Nxd5
21. Ne5 g5 22. f3 f4 23. Bf2 Qd6 24. Re2 a6 25. Rae1 e6 26. Ng4 Rfe8 27. Ne5 a5 28. h4 b4 29. axb4 axb4 30. hxg5 b3
31. Qe4
1-0

[Event "Snorlax # 3"]
[Site "SchemingMind.com"]
[Date "2008.08.27"]
[Round "-"]
[White "Turms"]
[Black "nomuffyet"]
[Result "1-0"]
[WhiteCountry "INT"]
[BlackCountry "SWE"]
[WhiteElo "1737"]
[WhiteRD "82"]
[BlackElo "1330"]
[BlackRD "88"]
[GameID "168709"]

1. e4 g6 2. d4 Bg7 3. Nc3 d6 4. Be3 Nf6 5. Qd2 c6 6. O-O-O O-O 7. f3 b5 8. g4 Qa5 9. Kb1 b4 10. Nce2 Be6
11. Nc1 Rd8 12. Nb3 Bxb3 13. axb3 e5 14. dxe5 Ne8 15. Bc4 d5 16. f4 Nc7 17. exd5 cxd5 18. Nf3 Nc6 19. Be2 d4 20. Bf2
1-0

[Event "Snorlax # 3"]
[Site "SchemingMind.com"]
[Date "2008.08.30"]
[Round "-"]
[White "rao"]
[Black "AaronB"]
[Result "0-1"]
[WhiteCountry "INT"]
[BlackCountry "USA"]
[WhiteElo "1556"]
[WhiteRD "65"]
[BlackElo "1676"]
[BlackRD "63"]
[GameID "169026"]

1. e4 c5 2. Bc4 e6 3. Nf3 d5 4. Bb5+ Bd7 5. Bxd7+ Nxd7 6. d3 d4 7. Na3 Ngf6 8. e5 Nd5 9. Nc4 b5 10. Bg5 f6
11. Bh4 bxc4 12. dxc4 N5b6 13. b3 g5 14. Bg3 f5 15. h3 Bg7 16. Qe2 h6 17. Nd2 Qc7 18. Qh5+ Kf8 19. Nf3 f4 20. Bh2 Nxe5
21. O-O Nxf3+ 22. Qxf3 Kg8 23. a4 Re8 24. Rad1 e5 25. a5 Nc8 26. Qd5+ Kf8 27. g3 Ne7 28. Qe4 Qc6 29. Qe2 f3 30. Qd3 e4
31. Qd2 Kf7 32. b4 Rd8 33. g4 Rhe8 34. b5 Qe6 35. Rfe1 Ng6 36. Rb1 Qxc4 37. b6 a6 38. b7 Be5 39. Bxe5 Nxe5 40. Rxe4 Nc6
41. Rb6 Rxe4 42. Rxc6 Re7 43. Rxh6 Qd5 44. Rh7+ Kf6 45. Rh6+ Kg7 46. Rh5 Re5 47. Qd3 Re1+ 48. Qf1 Rxf1+ 49. Kxf1 Qe5 50. Kg1 Qe1+
51. Kh2 Qxf2+ 52. Kh1 Qg2#
0-1

[Event "Snorlax # 3"]
[Site "SchemingMind.com"]
[Date "2008.08.29"]
[Round "-"]
[White "rao"]
[Black "keen"]
[Result "0-1"]
[WhiteCountry "INT"]
[BlackCountry "SCO"]
[WhiteElo "1556"]
[WhiteRD "65"]
[BlackElo "1786"]
[BlackRD "56"]
[GameID "169027"]

1. e4 c5 2. Bc4 e6 3. d3 Nc6 4. c3 Nf6 5. Bg5 Be7 6. Nf3 O-O 7. Nbd2 a6 8. h3 b5 9. Bb3 Bb7 10. Qc1 h6
11. Bh4 d6 12. O-O Re8 13. Qe1 Rc8 14. Bc2 Qc7 15. Qe3 b4 16. Nc4 Na5 17. Ba4 Nxc4 18. dxc4 Red8 19. Rad1 Nxe4 20. Bxe7 Qxe7
21. Bc2 Nf6 22. cxb4 cxb4 23. Qd3 Be4 24. Qe2 Bxf3 25. gxf3 Rc5 26. f4 Qc7 27. b3 Rh5 28. Qf3 Qc5 29. Be4 Nxe4 30. Qxe4 Rxh3
31. Qg2 Qh5 32. Rfe1 Rh4 33. Re4 Rg4 34. Rd3 Rxg2+ 35. Kxg2 Qc5 36. Rg3 Qc6 37. f3 Qc5 38. Rh3 d5 39. Re5 Qd4 40. c5 Qxc5
41. f5 Qc2+ 42. Kg3 Qb2 43. Re3 d4 44. Re4 exf5 45. Rf4 Qxa2 46. Rxf5 d3 47. Rh2 d2 48. Re5 Qxb3 49. Rhe2 d1=Q 50. R5e3 Qg1+
51. Kh3 Qgxe3 52. Rxe3 Qxe3
0-1

[Event "Snorlax # 3"]
[Site "SchemingMind.com"]
[Date "2008.08.31"]
[Round "-"]
[White "rao"]
[Black "nomuffyet"]
[Result "1-0"]
[WhiteCountry "INT"]
[BlackCountry "SWE"]
[WhiteElo "1556"]
[WhiteRD "65"]
[BlackElo "1330"]
[BlackRD "88"]
[GameID "169028"]

1. e4 g6 2. Nf3 d5 3. Nc3 Bg7 4. Nxd5 f5 5. Qe2 fxe4 6. Qxe4 Bf5 7. Qc4 Nc6 8. Ng5 e6 9. d3 Qxd5 10. Qb3 Qxb3
11. axb3 Nh6 12. Be2 O-O-O 13. O-O a6 14. Bf3 Na7 15. Be3 Bxb2 16. Bxa7 Bxa1 17. Rxa1 Rdf8 18. Ra4
1-0

[Event "Snorlax # 3"]
[Site "SchemingMind.com"]
[Date "2008.08.29"]
[Round "-"]
[White "rao"]
[Black "Joe Daudish"]
[Result "0-1"]
[WhiteCountry "INT"]
[BlackCountry "USA"]
[WhiteElo "1551"]
[WhiteRD "69"]
[BlackElo "1759"]
[BlackRD "45"]
[GameID "169029"]

1. e4 e6 2. Nf3 d5 3. e5 Ne7 4. d4 Ng6 5. a3 Be7 6. Nc3 Bd7 7. Bd3 c5 8. Be3 b6 9. Bxg6 fxg6 10. Qd3 O-O
11. Ne2 Nc6 12. c3 c4 13. Qc2 Na5 14. Nf4 Nb3 15. Rd1 a5 16. O-O b5 17. Nh3 b4 18. axb4 axb4 19. cxb4 Bxb4 20. Nf4 Qe7
21. h4 Ba4 22. Qb1 Na5 23. Rc1 Nb3 24. Rcd1 Bb5 25. Kh1 Ra6 26. h5 gxh5 27. Nxh5 Rxf3 28. g3 Rf8 29. Kg2 Rfa8 30. Qc2 Be8
31. Qe2 Bg6 32. Qg4 Bxh5 33. Qxh5 Qf7 34. Qg4 Ra1 35. Rh1 Rxd1 36. Qxd1 Qg6 37. Qf3 Rf8 38. Qe2 Qe4+ 39. f3 Qd3 40. Qf2 c3
41. bxc3 Bxc3 42. Rh4 Na5 43. Rg4 Nc4 44. Bh6 Rf7 45. Bf4 Bxd4 46. Qa2 Bxe5 47. Bh6 Ne3+ 48. Bxe3 Qxe3 49. Qf2 Qxf2+ 50. Kxf2 Ra7
51. Rb4 Kf7 52. f4 Bf6 53. g4 h6 54. Rb5 d4 55. f5 exf5 56. gxf5 g6 57. Ke2 gxf5 58. Rxf5 Ke6 59. Rh5 Bg5 60. Rh1 Kd5
61. Rd1 Ra3 62. Kf2 d3 63. Kf3 d2+ 64. Ke2 Ke4 65. Rb1 Ra4 66. Kd1 Rc4 67. Ke2 Rc1 68. Rb4+ Kf5 69. Rd4 Re1+ 70. Kf2 d1=Q
71. Rxd1 Rxd1
0-1

[Event "Snorlax # 3"]
[Site "SchemingMind.com"]
[Date "2008.08.29"]
[Round "-"]
[White "rao"]
[Black "Turms"]
[Result "1-0"]
[WhiteCountry "INT"]
[BlackCountry "INT"]
[WhiteElo "1556"]
[WhiteRD "65"]
[BlackElo "1737"]
[BlackRD "82"]
[GameID "169030"]

1. e4 c5 2. Bc4 e6 3. d3 a6 4. Nf3 b5 5. Bb3 Bb7 6. Bg5 Be7 7. Be3 Nc6 8. c3 Nf6 9. h3 d5 10. e5 Nd7
11. d4 c4 12. Bc2 b4 13. O-O Qa5 14. Qe1 b3 15. Bd1 bxa2 16. Be2 axb1=Q 17. Rxb1 O-O 18. Nd2 f6 19. exf6 Nxf6 20. Ra1 Qc7
21. Nf3 Bd6 22. Qd2 e5 23. Bg5 Ne4 24. Qe3 h6 25. Bh4 Rae8 26. dxe5 Bxe5 27. Nxe5 Nxe5 28. Qd4 Nc6 29. Qxd5+
1-0

[Event "Snorlax # 3"]
[Site "SchemingMind.com"]
[Date "2008.09.03"]
[Round "-"]
[White "AaronB"]
[Black "rao"]
[Result "1-0"]
[WhiteCountry "USA"]
[BlackCountry "INT"]
[WhiteElo "1676"]
[WhiteRD "63"]
[BlackElo "1556"]
[BlackRD "65"]
[GameID "169031"]

1. d4 d5 2. c4 dxc4 3. e4 b5 4. a4 c6 5. axb5 cxb5 6. b3 cxb3 7. Bxb5+ Bd7 8. Qxb3 a6 9. Bc4 e6 10. Nf3 a5
11. O-O Nc6 12. Nc3 Bb4 13. Bf4 Nf6 14. e5 Ng4 15. d5 exd5 16. Bxd5 O-O 17. Rfd1 Qb6 18. Ra2 Qc5 19. Ne4 Qb5 20. e6 Be8
21. Neg5 Nh6 22. Ne5 fxe6 23. Nxe6 Bf7 24. Nxf8 Rxf8 25. Bxh6 Nxe5 26. Bxf7+ Nxf7 27. Be3 Kh8 28. Rc2 Ne5 29. Rc5 Qe8 30. Rc7 Ng4
31. Rdd7 Rg8 32. Qf7 Qxf7 33. Rxf7 Bd6 34. Ra7 Bxh2+ 35. Kf1 Nxe3+ 36. fxe3 Be5 37. Rxa5 Bc3 38. Raf5 h6 39. Rf8 Bd2 40. e4 g6
41. Rxg8+ Kxg8 42. Rf2 Be3 43. Re2 Bd4 44. e5 Kf7 45. e6+ Ke7 46. g4 Bf6 47. Kg2 Bg5 48. Re4 Kd6 49. Kf2 Be7 50. Ke3 Kd5
51. Kd3 h5 52. gxh5 gxh5 53. Ke3 h4 54. Kf3 h3 55. Re1 Kd6 56. Kg3 Bf6 57. Kxh3 Ke7 58. Kg4 Bc3 59. Re2 Bb4 60. Kf5 Bc3
61. Rh2 Bb4 62. Rh7+ Ke8 63. Rd7 Be7 64. Rb7 Bd8 65. Rb8 Ke7 66. Rxd8 Kxd8 67. Kf6 Ke8 68. e7 Kd7 69. Kf7 Kd6 70. e8=Q Kd5
71. Qe3 Kd6 72. Qd4+ Kc6 73. Ke7
1-0

[Event "Snorlax # 3"]
[Site "SchemingMind.com"]
[Date "2008.08.29"]
[Round "-"]
[White "keen"]
[Black "rao"]
[Result "1-0"]
[WhiteCountry "SCO"]
[BlackCountry "INT"]
[WhiteElo "1786"]
[WhiteRD "56"]
[BlackElo "1556"]
[BlackRD "65"]
[GameID "169032"]

1. d4 d5 2. e3 Nf6 3. Bd3 Bg4 4. f3 Bh5 5. g4 Bg6 6. Nc3 e6 7. h4 h5 8. g5 Nfd7 9. Bxg6 fxg6 10. Qd3 a6
11. Qxg6+ Ke7 12. Nh3 Qe8 13. Nf4 Kd8 14. Nxe6+ Kc8 15. Qxe8#
1-0

[Event "Snorlax # 3"]
[Site "SchemingMind.com"]
[Date "2008.09.03"]
[Round "-"]
[White "nomuffyet"]
[Black "rao"]
[Result "0-1"]
[WhiteCountry "SWE"]
[BlackCountry "INT"]
[WhiteElo "1330"]
[WhiteRD "88"]
[BlackElo "1556"]
[BlackRD "65"]
[GameID "169033"]

1. e4 e5 2. Nf3 Bc5 3. d4 exd4 4. Nxd4 d6 5. Bc4 Qf6 6. c3 Nc6 7. Be3 a6 8. b4 Bb6 9. O-O Nh6 10. a3 Qg6
11. f3 Ne5 12. Bb3 Bh3 13. Ra2 O-O 14. Bxh6 gxh6 15. Re1 c5
0-1

[Event "Snorlax # 3"]
[Site "SchemingMind.com"]
[Date "2008.09.03"]
[Round "-"]
[White "Joe Daudish"]
[Black "rao"]
[Result "1-0"]
[WhiteCountry "USA"]
[BlackCountry "INT"]
[WhiteElo "1759"]
[WhiteRD "45"]
[BlackElo "1551"]
[BlackRD "69"]
[GameID "169034"]

1. d4 d5 2. Nf3 Bf5 3. Bf4 e6 4. e3 Nc6 5. c3 h6 6. Bd3 Be4 7. Bxe4 dxe4 8. Ne5 Bd6 9. Nxc6 bxc6 10. Bxd6 cxd6
11. Nd2 Nf6 12. Qc2 d5 13. O-O Ng4 14. h3 Nf6 15. c4 O-O 16. b4 a6 17. a4 Nh5 18. Rfb1 Qg5 19. Nf1 f5 20. cxd5 cxd5
21. Qc6 Nf6 22. Qxe6+ Kh8 23. b5 axb5 24. Rxb5 Rfc8 25. Rb2 Re8 26. Qd6 Red8 27. Qg3 Rdc8 28. Qxg5 hxg5 29. Ng3 g6 30. a5 g4
31. hxg4 Nxg4 32. a6 Rc7 33. Ne2 Rca7 34. Rb6 Kg7 35. Nf4 Nf6 36. Rd6 Kf7 37. Nxd5 Nxd5 38. Rxd5 Rxa6 39. Rxa6 Rxa6 40. g3 Ke6
41. Rb5 g5 42. g4 f4 43. Rxg5 Ra1+ 44. Kg2 f3+ 45. Kg3 Rg1+ 46. Kf4 Rg2 47. Kxe4 Rxf2 48. Rf5 Rf1 49. Rxf3 Rg1 50. Kf4 Rg2
51. g5 Rg1 52. e4 Rh1 53. d5+ Kd6 54. Kf5 Rh8 55. g6 Rf8+ 56. Kg4 Rg8 57. Rf6+ Ke5 58. Re6+ Kd4 59. Kg5 Rg7 60. Kf6 Rg8
61. Kf7 Rd8 62. g7 Rd7+ 63. Re7 Rxe7+ 64. Kxe7 Kxe4 65. d6 Ke5 66. g8=Q
1-0